[Event "GER-ch U10 Girls"]
[White "Vasilieva, Victoria"]
[Black "Jaensch, Layla"]
[Site "Willingen"]
[Round "6"]
[Result "1/2-1/2"]
[Date "2024.05.22"]
[WhiteElo "1048"]
[BlackElo "962"]
[PlyCount "120"]
[EventDate "2024.05.19"]
[EventType "swiss"]
[EventRounds "11"]
[EventCountry "GER"]
[SourceTitle "CBM 220 Extra"]
[Source "ChessBase"]
[SourceDate "2024.07.31"]
[SourceVersion "1"]
[SourceVersionDate "2024.07.31"]
[SourceQuality "1"]

1. d4 Nf6 2. c4 g6 3. Bf4 Bg7 4. e3 d5 5. cxd5 Nxd5 6. Bg3 c5 7. Bc4 Be6 8. Nc3 Nxc3 9. bxc3 Bxc4 10. Qa4+ b5 11. Qd1 0-0 12. Qf3 Bd5 13. e4 Bb7 14. Ne2 Na6 15. 0-0 e6 16. Rfd1 Qf6 17. Qe3 Qe7 18. dxc5 Qxc5 19. Qf3 Qc6 20. Rd2 Qxe4 21. Qxe4 Bxe4 22. Rad1 Bf6 23. Rd6 Nc7 24. f3 Bd5 25. Rd7 Na6 26. a3 Rfd8 27. Rxd8+ Rxd8 28. Bf2 Bc4 29. Re1 Rd3 30. Nf4 Rxc3 31. Bxa7 Rxa3 32. Rd1 Be5 33. g3 b4 34. Rd8+ Kg7 35. Rd2 b3 36. Rd1 Ra1 37. Rxa1 Bxa1 38. h4 b2 39. Bd4+ f6 40. Bxb2 Bxb2 41. h5 Bd4+ 42. Kh2 g5 43. Nh3 Be5 44. Kg2 Kh6 45. g4 f5 46. Nf2 Bd5 47. gxf5 exf5 48. Nd3 Bd6 49. Kf2 Kxh5 50. Ke3 f4+ 51. Kf2 Kh4 52. Ke2 h5 53. Kf2 Nc5 54. Nb4 Bb7 55. Ke2 Kg3 56. Nc2 Bxf3+ 57. Kf1 Nd3 58. Kg1 Bc5+ 59. Kf1 h4 60. Nd4 Bxd4 1/2-1/2

[Event "GER-ch U10 Girls"]
[White "Jaensch, Layla"]
[Black "Hirtzel, Hanna Meiki"]
[Site "Willingen"]
[Round "5"]
[Result "1-0"]
[Date "2024.05.21"]
[WhiteElo "962"]
[BlackElo "942"]
[PlyCount "115"]
[EventDate "2024.05.19"]
[EventType "swiss"]
[EventRounds "11"]
[EventCountry "GER"]
[SourceTitle "CBM 220 Extra"]
[Source "ChessBase"]
[SourceDate "2024.07.31"]
[SourceVersion "1"]
[SourceVersionDate "2024.07.31"]
[SourceQuality "1"]

1. e4 c6 2. d4 d5 3. exd5 cxd5 4. Bd3 Nf6 5. Nf3 Bg4 6. Bf4 e6 7. h3 Bxf3 8. Qxf3 Bd6 9. Be3 0-0 10. 0-0 Nc6 11. Nc3 Bc7 12. Nb5 a6 13. Nxc7 Qxc7 14. Rac1 e5 15. Qg3 Kh8 16. c3 Qe7 17. c4 e4 18. Bb1 Nd7 19. cxd5 Nb4 20. Bf4 Qf6 21. Bd6 Nd3 22. Bxf8 Nxc1 23. Bxg7+ Qxg7 24. Qxg7+ Kxg7 25. Rxc1 f5 26. Rc7 Rd8 27. Rxb7 Kh6 28. g4 Kg5 29. gxf5 Kxf5 30. f3 Nf6 31. Kf2 Rxd5 32. Ke3 Kg6 33. fxe4 Rh5 34. e5+ Kg5 35. exf6 Kxf6 36. Rxh7 Rb5 37. Rh6+ Kg5 38. Rxa6 Rxb2 39. Bd3 Kh4 40. Bf5 Kg3 41. d5 Rf2 42. Ke4 Rf4+ 43. Ke5 Rf2 44. a4 Rd2 45. d6 Kh4 46. d7 Kg5 47. Rd6 Rxd6 48. Kxd6 Kxf5 49. d8Q Kf4 50. Qe7 Kg3 51. Qf6 Kg2 52. Qf4 Kxh3 53. Qg5 Kh2 54. Ke5 Kh3 55. Kf4 Kh2 56. Kf3 Kh1 57. Kf2 Kh2 58. Qg2# 1-0

[Event "GER-ch U10 Girls"]
[White "Seyedfakhari, Elena"]
[Black "Jaensch, Layla"]
[Site "Willingen"]
[Round "4"]
[Result "1/2-1/2"]
[Date "2024.05.20"]
[WhiteElo "1060"]
[BlackElo "962"]
[PlyCount "78"]
[EventDate "2024.05.19"]
[EventType "swiss"]
[EventRounds "11"]
[EventCountry "GER"]
[SourceTitle "CBM 220 Extra"]
[Source "ChessBase"]
[SourceDate "2024.07.31"]
[SourceVersion "1"]
[SourceVersionDate "2024.07.31"]
[SourceQuality "1"]

1. e4 e5 2. Nf3 Nc6 3. Nc3 Bc5 4. Nxe5 Nxe5 5. d4 Bd6 6. dxe5 Bxe5 7. Bc4 Nf6 8. Bg5 h6 9. Bh4 d6 10. h3 Be6 11. Bb3 Bxb3 12. axb3 0-0 13. 0-0 Qd7 14. Qd3 c5 15. Rad1 Rad8 16. Nd5 Qe6 17. Nxf6+ Bxf6 18. Bg3 Be5 19. Bxe5 Qxe5 20. c3 Rfe8 21. Rfe1 a6 22. Qe3 b5 23. f4 Qe6 24. b4 cxb4 25. cxb4 f5 26. Rd4 d5 27. Qg3 fxe4 28. Re3 Qc6 29. Rc3 Qb6 30. Rc5 a5 31. Qe3 axb4 32. Rc2 b3 33. Re2 b4 34. Red2 Qc5 35. Qxb3 Kh7 36. Kh2 Qc7 37. Qg3 Rf8 38. Rxd5 Rxd5 39. Rxd5 Qxf4 1/2-1/2

[Event "GER-ch U10 Girls"]
[White "Wolf, Aurelia"]
[Black "Jaensch, Layla"]
[Site "Willingen"]
[Round "2"]
[Result "1-0"]
[Date "2024.05.19"]
[WhiteElo "1498"]
[BlackElo "962"]
[PlyCount "61"]
[EventDate "2024.05.19"]
[EventType "swiss"]
[EventRounds "11"]
[EventCountry "GER"]
[SourceTitle "CBM 220 Extra"]
[Source "ChessBase"]
[SourceDate "2024.07.31"]
[SourceVersion "1"]
[SourceVersionDate "2024.07.31"]
[SourceQuality "1"]

1. e4 e5 2. Nf3 Nc6 3. Bc4 Be7 4. d4 exd4 5. Nxd4 Nf6 6. Nxc6 dxc6 7. Qxd8+ Bxd8 8. Nc3 0-0 9. 0-0 Be7 10. Bg5 Re8 11. Rfe1 h6 12. Bf4 Bd6 13. e5 Nh5 14. exd6 Rxe1+ 15. Rxe1 Nxf4 16. Re8+ Kh7 17. d7 b5 18. Rxc8 Rxc8 19. dxc8Q bxc4 20. Qxc7 Nd5 21. Nxd5 cxd5 22. Qxf7 d4 23. Qxc4 a5 24. Qxd4 Kh8 25. c4 Kh7 26. c5 g5 27. c6 h5 28. c7 Kh6 29. c8Q g4 30. Qf4+ Kg6 31. Qg8# 1-0